|
|
|
|
| LEADER |
00000nam a22000007a 4500 |
| 003 |
CL-VaPUC |
| 005 |
20231019095236.0 |
| 008 |
230508t2022 ||||| |||| 00| 0 eng d |
| 999 |
|
|
|c 440747
|d 440745
|
| 020 |
|
|
|a 978-972-8088-52-1
|
| 040 |
|
|
|c Pontificia Universidad Católica de Valparaíso
|
| 082 |
0 |
4 |
|2 21
|a Ch861 LAS 2022
|
| 100 |
|
|
|a Lastra Salazar, Pedro
|e autor
|9 589951
|
| 245 |
1 |
0 |
|a Poesias.
|
| 250 |
|
|
|a 1ª edição
|
| 260 |
|
|
|a Porto, Portugal:
|b Orfeu,
|c 2022.
|
| 300 |
|
|
|a 119 páginas.
|
| 500 |
|
|
|a c.1 Donación autor 19/04/2023
|
| 583 |
|
|
|c 20230508
|k Catalogador Asistente
|
| 650 |
1 |
|
|a Poesías chilenas
|9 265280
|
| 650 |
1 |
|
|a Literatura chilena
|9 882177
|
| 700 |
|
|
|a Diniz, Maria José
|e tradução
|9 882053
|
| 942 |
|
|
|2 ddc
|c BK
|
| 952 |
|
|
|0 0
|1 0
|2 ddc
|4 0
|6 CH_861_000000000000000_LAS_2022
|7 0
|8 A
|9 589910
|a BIBEDU
|b BIBEDU
|d 2023-05-08
|e Donación
|i 5657360
|o Ch861 LAS 2022
|p 5657360
|r 2023-05-08
|t 1
|w 2023-05-08
|y BK
|k EDU
|